[Event "HUN-FRA"]
[Site "Budapest HUN"]
[Date "1982.??.??"]
[Round "1.4"]
[White "Csom, Istvan"]
[Black "Manouck, Thierry"]
[Result "1/2-1/2"]
[WhiteElo "2505"]
[BlackElo "2405"]
[PlyCount "87"]
[EventDate "1982.??.??"]
[Source "www.chesslib.no"]
[SourceDate "2005.08.01"]

1. c4 Nf6 2. g3 d6 3. Bg2 e5 4. Nc3 Be7 5. e3 c6 6. d4 O-O 7. Nge2 Re8 8. O-O
Bf8 9. Qc2 Bg4 10. e4 Qc8 11. Be3 Bh3 12. f3 Bxg2 13. Kxg2 Nbd7 14. Rad1 a6 15.
dxe5 dxe5 16. Nc1 Bc5 17. Qf2 Bxe3 18. Qxe3 Qc7 19. c5 Nf8 20. Rf2 Ne6 21. Nb3
Rad8 22. Rfd2 Rxd2+ 23. Rxd2 Rd8 24. Na4 Kf8 25. Kf2 Ke7 26. Nb6 Rxd2+ 27. Qxd2
Nd7 28. Nc4 Ndxc5 29. Nxc5 Nxc5 30. Qb4 Qd6 31. Nxd6 Nd3+ 32. Ke2 Nxb4 33. Nxb7
Nxa2 34. Kd3 Kd7 35. Kc4 Nc1 36. Nc5+ Kd6 37. Nxa6 Ne2 38. Nb4 Nd4 39. f4 Nf3
40. h3 f6 41. Kd3 exf4 42. gxf4 g5 43. Ke3 Ng1 44. h4 1/2-1/2

[Event "HUN-FRA"]
[Site "Budapest HUN"]
[Date "1982.??.??"]
[Round "1.5"]
[White "Seret, Jean-Luc"]
[Black "Farago, Ivan"]
[Result "1/2-1/2"]
[WhiteElo "2400"]
[BlackElo "2485"]
[PlyCount "65"]
[EventDate "1982.??.??"]
[Source "www.chesslib.no"]
[SourceDate "2005.08.01"]

1. e4 e6 2. d4 d5 3. Nc3 Bb4 4. e5 Ne7 5. Bd2 c5 6. dxc5 Ng6 7. Qg4 Nc6 8. Nf3
O-O 9. Bd3 d4 10. Bxg6 fxg6 11. Ne4 Qd5 12. O-O Bxd2 13. Nexd2 Qxc5 14. Qe4 a5
15. Nb3 Qc4 16. Rad1 a4 17. Nbxd4 Qxa2 18. Nxc6 bxc6 19. Qxc6 Ba6 20. Ra1 Qc4
21. Qxc4 Bxc4 22. Rfb1 Rfb8 23. h4 h6 24. b3 axb3 25. Rxa8 Rxa8 26. cxb3 Bd5
27. Nd4 Kf8 28. Rb2 Ra1+ 29. Kh2 Ke7 30. Nc2 Rd1 31. Ne3 Rd4 32. Kg3 Rb4 33. f3
1/2-1/2

[Event "HUN-FRA"]
[Site "Budapest HUN"]
[Date "1982.??.??"]
[Round "1.6"]
[White "Groszpeter, Attila"]
[Black "Preissmann, Emmanuel"]
[Result "1-0"]
[WhiteElo "2475"]
[BlackElo "2320"]
[PlyCount "119"]
[EventDate "1982.??.??"]
[Source "www.chesslib.no"]
[SourceDate "2005.08.01"]

1. d4 Nf6 2. c4 e6 3. Nc3 Bb4 4. e3 c5 5. Nge2 cxd4 6. exd4 Ne4 7. Qc2 Nxc3 8.
Nxc3 O-O 9. Bd3 Qh4 10. O-O Nc6 11. Ne2 f5 12. f4 Be7 13. a3 b6 14. b4 Bb7 15.
Bb2 Rac8 16. Qd2 Qg4 17. Ng3 Bf6 18. Be2 Qg6 19. Rac1 Ne7 20. a4 Bh4 21. Qe3
Qf7 22. b5 g6 23. Ba3 Rfe8 24. Bd6 Ra8 25. Bf3 Bxf3 26. Qxf3 Kg7 27. Rfd1 Ng8
28. Be5+ Nf6 29. Nf1 Kg8 30. Qh3 Ne4 31. Qxh4 d6 32. Ng3 Nxg3 33. Qxg3 dxe5 34.
dxe5 Rad8 35. Qf3 Qc7 36. Qc6 Rc8 37. Qxc7 Rxc7 38. Rd6 Rec8 39. Rxe6 Rxc4 40.
Re8+ Rxe8 41. Rxc4 Re7 42. Kf2 Kf7 43. Ke3 Ke6 44. Rc6+ Kd5 45. h3 Rd7 46. g3
Re7 47. h4 Rg7 48. Kf3 Kd4 49. h5 Kd5 50. hxg6 hxg6 51. Ke3 g5 52. Rd6+ Kc5 53.
Rd8 Kb4 54. fxg5 Rxg5 55. Kf4 Rg7 56. e6 Kxa4 57. Rd7 Rg4+ 58. Kxf5 Rxg3 59. e7
Re3 60. Rd4+ 1-0

[Event "HUN-FRA"]
[Site "Budapest HUN"]
[Date "1982.??.??"]
[Round "2.1"]
[White "Sax, Gyula"]
[Black "Kouatly, Bachar"]
[Result "1-0"]
[WhiteElo "2550"]
[BlackElo "2435"]
[PlyCount "47"]
[EventDate "1982.??.??"]
[Source "www.chesslib.no"]
[SourceDate "2005.08.01"]

1. e4 c5 2. Nf3 Nc6 3. d4 cxd4 4. Nxd4 Qb6 5. Nb3 Nf6 6. Nc3 e6 7. Bd3 Be7 8.
O-O d6 9. Kh1 Bd7 10. a4 Rd8 11. Nb5 Ra8 12. Bf4 e5 13. Bg5 a6 14. Bxf6 gxf6
15. Nc3 Nb4 16. Nd2 f5 17. Nc4 Qd4 18. Ne3 Nxd3 19. cxd3 f4 20. Nf5 Bxf5 21.
exf5 d5 22. a5 Bf6 23. Ra4 Qc5 24. Qb3 1-0

[Event "HUN-FRA"]
[Site "Budapest HUN"]
[Date "1982.??.??"]
[Round "2.2"]
[White "Giffard, Nicolas"]
[Black "Pinter, Jozsef"]
[Result "0-1"]
[WhiteElo "2345"]
[BlackElo "2520"]
[PlyCount "91"]
[EventDate "1982.??.??"]
[Source "www.chesslib.no"]
[SourceDate "2005.08.01"]

1. d4 d5 2. c4 e6 3. Nc3 c6 4. Nf3 Nf6 5. e3 Nbd7 6. Bd3 dxc4 7. Bxc4 b5 8. Bd3
a6 9. a4 b4 10. Nb1 c5 11. O-O Bb7 12. Qe2 Be7 13. Rd1 Qc7 14. Nbd2 O-O 15. a5
Nd5 16. Nc4 cxd4 17. exd4 Nf4 18. Bxf4 Qxf4 19. Ncd2 Nf6 20. Rdc1 Rfd8 21. Rc4
Nd5 22. Qe4 Qh6 23. Bf1 Rab8 24. Qe1 Nf4 25. Rc7 Bd6 26. Rxb7 Rxb7 27. Bxa6 Ra7
28. Bf1 Bc7 29. Nc4 Nd5 30. Qd1 Rda8 31. Qa4 g6 32. Qb5 Qf8 33. Nfe5 Bxe5 34.
dxe5 Qd8 35. Rd1 Qc7 36. Qa4 Rxa5 37. Nxa5 Rxa5 38. Qe8+ Kg7 39. Re1 Ra2 40. h4
Rxb2 41. Ra1 Qb6 42. Ra8 Qxf2+ 43. Kh2 Qxh4+ 44. Kg1 Qf2+ 45. Kh2 Kh6 46. Qf8+
0-1

[Event "HUN-FRA"]
[Site "Budapest HUN"]
[Date "1982.??.??"]
[Round "2.3"]
[White "Farago, Ivan"]
[Black "Bernard, Christophe"]
[Result "1/2-1/2"]
[WhiteElo "2485"]
[BlackElo "2270"]
[PlyCount "84"]
[EventDate "1982.??.??"]
[Source "www.chesslib.no"]
[SourceDate "2005.08.01"]

1. d4 Nf6 2. c4 g6 3. Nc3 d5 4. cxd5 Nxd5 5. e4 Nxc3 6. bxc3 Bg7 7. Bc4 c5 8.
Ne2 O-O 9. O-O Nc6 10. Be3 Qc7 11. Rc1 Rd8 12. Qd2 Qa5 13. Rfd1 Bg4 14. f3 cxd4
15. cxd4 Qxd2 16. Rxd2 Bd7 17. d5 Na5 18. Bd3 e6 19. Bf4 b6 20. Rc7 Ba4 21. Ba6
exd5 22. exd5 b5 23. Nc3 Bxc3 24. Rxc3 Nc4 25. Bb7 Nxd2 26. Bxa8 Nb1 27. Rc1
Rxa8 28. Rxb1 Rd8 29. d6 f6 30. Rc1 Rd7 31. Kf2 Kf7 32. Ke3 g5 33. Bg3 b4 34.
Rb1 a5 35. Kd4 Rb7 36. Rc1 Bd7 37. Rc7 Rxc7 38. dxc7 a4 39. Be1 b3 40. axb3
axb3 41. Bc3 Ke6 42. Kc5 f5 1/2-1/2

[Event "HUN-FRA"]
[Site "Budapest HUN"]
[Date "1982.??.??"]
[Round "2.4"]
[White "Manouck, Thierry"]
[Black "Groszpeter, Attila"]
[Result "1/2-1/2"]
[WhiteElo "2405"]
[BlackElo "2475"]
[PlyCount "64"]
[EventDate "1982.??.??"]
[Source "www.chesslib.no"]
[SourceDate "2005.08.01"]

1. g3 e5 2. c4 Nf6 3. Bg2 d5 4. cxd5 Nxd5 5. Nc3 Nb6 6. Nf3 Nc6 7. O-O Be7 8.
d3 O-O 9. Be3 Be6 10. Qc1 f6 11. Ne4 Nd4 12. Bxd4 exd4 13. Nc5 Bd5 14. b4 a5
15. a3 Nd7 16. Nxd7 Qxd7 17. Qb2 c5 18. bxc5 Bxc5 19. Rfc1 b6 20. Nd2 Bxg2 21.
Kxg2 Rae8 22. Ne4 Re5 23. Rab1 Rfe8 24. Nxc5 bxc5 25. Qb3+ Kh8 26. Qb7 Qg4 27.
Qf3 Qe6 28. Rc2 h6 29. Rb5 Rf5 30. Qe4 Re5 31. Qf3 Rf5 32. Qe4 Re5 1/2-1/2

[Event "HUN-FRA"]
[Site "Budapest HUN"]
[Date "1982.??.??"]
[Round "2.5"]
[White "Hazai, Laszlo"]
[Black "Seret, Jean-Luc"]
[Result "1/2-1/2"]
[WhiteElo "2450"]
[BlackElo "2400"]
[PlyCount "38"]
[EventDate "1982.??.??"]
[Source "www.chesslib.no"]
[SourceDate "2005.08.01"]

1. e4 d6 2. d4 Nf6 3. Nc3 g6 4. Nf3 Bg7 5. Be2 O-O 6. O-O c6 7. a4 Na6 8. Be3
Nc7 9. Qc1 d5 10. e5 Ng4 11. Bf4 Ne6 12. Bg3 f6 13. exf6 exf6 14. h3 Nh6 15.
Bd3 a5 16. Ne2 Nf7 17. c3 Nd6 18. Qc2 Re8 19. Rfe1 Ne4 1/2-1/2

[Event "HUN-FRA"]
[Site "Budapest HUN"]
[Date "1982.??.??"]
[Round "2.6"]
[White "Preissmann, Emmanuel"]
[Black "Forintos, Gyozo V"]
[Result "1/2-1/2"]
[WhiteElo "2320"]
[BlackElo "2410"]
[PlyCount "52"]
[EventDate "1982.??.??"]
[Source "www.chesslib.no"]
[SourceDate "2005.08.01"]

1. e4 c5 2. c3 d5 3. exd5 Qxd5 4. d4 Nf6 5. Nf3 Bg4 6. Be2 e6 7. h3 Bh5 8. O-O
Nc6 9. c4 Qd7 10. dxc5 Qxd1 11. Rxd1 Ne4 12. Be3 Bxc5 13. Bxc5 Nxc5 14. Nc3 Ke7
15. Nd4 Bxe2 16. Nxc6+ bxc6 17. Nxe2 Rab8 18. Nd4 Rhc8 19. Rd2 g6 20. Re1 a5
21. Re5 Nb7 22. Rd3 Kf6 23. f4 c5 24. Nb5 Rd8 25. Ree3 h6 26. Rf3 Rxd3 1/2-1/2